MANAGEMENT OF COASTAL LAGOON FISHERIES AND AQUACULTRE IN ITALY (Record no. 18693)

MARC details
000 -LEADER
fixed length control field 00473nam a22001697a 4500
003 - CONTROL NUMBER IDENTIFIER
control field OSt
005 - DATE AND TIME OF LATEST TRANSACTION
control field 20211117112020.0
008 - FIXED-LENGTH DATA ELEMENTS--GENERAL INFORMATION
fixed length control field 211117b |||||||| |||| 00| 0 eng d
020 ## - INTERNATIONAL STANDARD BOOK NUMBER
International Standard Book Number 92-5-102668-8
040 ## - CATALOGING SOURCE
Transcribing agency HAWASSA UNIVERSITY
050 ## - LIBRARY OF CONGRESS CALL NUMBER
Classification number 639.4/AED
Item number 1
082 ## - DEWEY DECIMAL CLASSIFICATION NUMBER
Classification number 639.4/AED
Item number 1
100 ## - MAIN ENTRY--PERSONAL NAME
Personal name ARDIZZONE D. G.
Fuller form of name ARDIZZONE D. G.
9 (RLIN) 18904
245 ## - TITLE STATEMENT
Title MANAGEMENT OF COASTAL LAGOON FISHERIES AND AQUACULTRE IN ITALY
260 ## - PUBLICATION, DISTRIBUTION, ETC.
Place of publication, distribution, etc. ROME
Name of publisher, distributor, etc. FAO
Date of publication, distribution, etc. 1988
942 ## - ADDED ENTRY ELEMENTS (KOHA)
Source of classification or shelving scheme Dewey Decimal Classification
Koha item type Books like text book referance book
Suppress in OPAC No
Holdings
Withdrawn status Lost status Source of classification or shelving scheme Damaged status Not for loan Home library Current library Date acquired Total Checkouts Full call number Date last seen Price effective from Koha item type
    Dewey Decimal Classification     College of Agriculture Library College of Agriculture Library 11/17/2021   639.4/ARD 11/17/2021 11/17/2021 Books like text book referance book